000 00670nam a2200205 a 4500
001 BRCA_4903
005 20190320204843.0
008 191010s1989----sp-a######---#000-0#spa-#
041 _aspa
044 _asp
050 4 _aNC287
_b.Q55 1989
245 1 0 _aEl Quijote de Antonio Saura
_blos dibujos originales de la edición del XXV aniversario de Círculo de Lectores.
260 _aEspaña
_bCirculo de Lectores
_c[1989]
300 _a47 p.
_bil.
_c31 cm.
504 _aBibliografía: p. 46-47
600 1 4 _aSaura, Antonio
_d1930-1988
_912422
600 1 4 _aCervantes Saavedra, Miguel de
_d1547-1616
_tDon Quixote
_xIlustraciones
_912423
902 _aCERV
942 _2lcc
_cB
999 _c4597
_d4597